Statistiche per Musei d'arte per numero di visitatori

Clicka qui per fare il quiz!

Statistiche generali

  • Questo quiz è stato fatto 64 volte
  • Il punteggio medio è 6 su 15

Statistiche sulle risposte

NazioneNumero visitatoriMuseo d'arte% Corretto
Francia7 726 321Louvre
100%
Città del Vaticano5 080 866Musei Vaticani
89%
Regno Unito4 097 253British Museum
72%
Francia3 270 000Museo d'Orsay
58%
Spagna2 456 724Museo del Prado
56%
Russia2 812 913Museo statale Ermitage
53%
Regno Unito2 727 119National Gallery
53%
Stati Uniti3 208 832Metropolitan Museum of Art
35%
Regno Unito3 883 160Tate Modern
30%
Francia3 009 570Centro Georges Pompidou
25%
Regno Unito2 370 261Victoria and Albert Museum
16%
Russia2 651 688Museo di Stato Russo di San Pietroburgo
0%
Cina2 377 600Museo nazionale della Cina
0%
Corea del Sud3 411 381Museo nazionale della Corea
0%
Stati Uniti3 256 433National Gallery of Art
0%

Distribuzione punteggi

Percentile per numero di risposta

Percentuale di utenti per punteggio

I tuoi punteggi nel tempo

Non hai fatto questo quiz